Management of Mustard Aphid (Lipaphis erysimi Kalt.) Through Varietal Selection, Botanical and Chemical Insecticides in Brassica Crop Under Late Sown Condition (Record no. 49283)

MARC details
000 -LEADER
fixed length control field 00575nam a22001817a 4500
003 - CONTROL NUMBER IDENTIFIER
control field OSt
008 - FIXED-LENGTH DATA ELEMENTS--GENERAL INFORMATION
fixed length control field 251202b |||||||| |||| 00| 0 eng d
082 ## - DEWEY DECIMAL CLASSIFICATION NUMBER
Classification number 632.951
Item number A81M
100 ## - MAIN ENTRY--PERSONAL NAME
Personal name Ashok Kumar
245 ## - TITLE STATEMENT
Title Management of Mustard Aphid (Lipaphis erysimi Kalt.) Through Varietal Selection, Botanical and Chemical Insecticides in Brassica Crop Under Late Sown Condition
260 ## - PUBLICATION, DISTRIBUTION, ETC. (IMPRINT)
Place of publication, distribution, etc .- Pusa, Samastipur
Name of publisher, distributor, etc : RAU
Date of publication, distribution, etc , 2006
300 ## - PHYSICAL DESCRIPTION
Extent 47p.
650 ## - SUBJECT ADDED ENTRY--TOPICAL TERM
Topical term or geographic name as entry element Entomology and Agricultural Zoology
650 ## - SUBJECT ADDED ENTRY--TOPICAL TERM
Topical term or geographic name as entry element Mustard
650 ## - SUBJECT ADDED ENTRY--TOPICAL TERM
Topical term or geographic name as entry element Thesis
650 ## - SUBJECT ADDED ENTRY--TOPICAL TERM
Topical term or geographic name as entry element M. Sc.
942 ## - ADDED ENTRY ELEMENTS (KOHA)
Source of classification or shelving scheme
Koha item type Thesis
Holdings
Withdrawn status Lost status Source of classification or shelving scheme Damaged status Not for loan Home library Current library Date acquired Total Checkouts Full call number Barcode Date last seen Bill Date Koha item type
          Dr. Rajendra Prasad Central Agricultural University Pusa, Dr. Rajendra Prasad Central Agricultural University Pusa, 02/12/2025   632.951 A81M 55318 02/12/2025 02/12/2025 Thesis
Hosted, Implemented, Customized & Maintained by: BestBookBuddies

Powered by Koha